Normal view
MARC view
Entry Personal Name
001 - CONTROL NUMBER
- control field: 26473
003 - CONTROL NUMBER IDENTIFIER
- control field: OSt
005 - DATE AND TIME OF LATEST TRANSACTION
- control field: 20231019133843.0
008 - FIXED-LENGTH DATA ELEMENTS
- fixed length control field: 231019|| aca||aabn | a|a d
040 ## - CATALOGING SOURCE
- Original cataloging agency: OSt
- Transcribing agency: OSt
100 ## - HEADING--PERSONAL NAME
- Personal name: Gladstone, Max
- Relator term: author
670 ## - SOURCE DATA FOUND
- Source citation: Work cat.: (OSt): El-Mohtar, Amal. 26470, This is how you lose the time war /, 2019.